=LDR 00000nam 2200000 4500 =001 INLIS000000000041938 =005 20130612151436 =008 ***********************************ind** =035 ##$$0010-061300000041938 =041 ##$$a ind =082 ##$$a 344.032 072 =090 ##$$a 344.032 072, Noo p =100 ##$$a Noor M. Aziz =245 ##$$a Penelitian hukum tentang hubungan tenaga medik rumah sakit dan pasien , Noor m aziz; Editor, Suradji =260 ##$$a 2012 $b Jakarta =300 ##$$a Vii,88 hlm., Ilus., 21 cm =650 ##$$a RUMAH SAKIT UNDANG - UNDANG DAN PERATURAN =700 ##$$a Suradji =850 ##$$a NBPNMAT =990 ##$$a 0001/BPAP-NTB/20142015